[Event "Michigan op-ch"]
[Site "Lansing"]
[Date "2009.09.07"]
[Round "7"]
[White "Palmer, Tony"]
[Black "Levi, Ariel"]
[Result "1-0"]
[WhiteElo "2101"]
[BlackElo "2198"]
[PlyCount "163"]
[EventDate "2009.09.04"]
[EventType "swiss"]
[EventRounds "7"]
[EventCountry "USA"]
[SourceTitle "EXT 2015"]
[Source "ChessBase"]
[SourceDate "2014.11.20"]
[SourceVersion "1"]
[SourceVersionDate "2014.11.20"]
[SourceQuality "1"]

1. e4 c5 2. Nf3 d6 3. d4 cxd4 4. Nxd4 Nf6 5. Nc3 g6 6. Be3 Bg7 7. f3 Nc6 8. Qd2 0-0 9. Bc4 Bd7 10. 0-0-0 Rb8 11. Kb1 Na5 12. Bd3 a6 13. Bh6 b5 14. Bxg7 Kxg7 15. h4 Qb6 16. Nde2 Nc4 17. Bxc4 bxc4 18. Qc1 Rb7 19. h5 Rfb8 20. b3 Be6 21. Nd4 Qa5 22. Kb2 Nxh5 23. Nc6 Qc5 24. Nxb8 Rxb8 25. Nd5 c3+ 26. Nxc3 Rc8 27. Qd2 Nf4 28. g3 Nh5 29. g4 Nf6 30. Qd4 Qg5 31. Nd5 Bxd5 32. exd5 Kg8 33. c4 a5 34. Rdg1 Nd7 35. Rxh7 Qe5 36. Qxe5 Nxe5 37. Rh3 Nd3+ 38. Kc3 Nf4 39. Rh2 Nxd5+ 40. Kd4 Nf4 41. Rgh1 Rc5 42. Ke3 g5 43. Rh8+ Kg7 44. R1h2 d5 45. cxd5 Rxd5 46. Ra8 Rc5 47. Ra7 e6 48. Rd2 e5 49. Rdd7 Rc2 50. Ke4 Kg6 51. Kxe5 Re2+ 52. Kd6 Rxa2 53. Rxf7 Rd2+ 54. Kc6 Rd3 55. Rfd7 Rc3+ 56. Kb5 Rxb3+ 57. Kxa5 Kf6 58. Ra6+ Ke5 59. Re7+ Kd5 60. Rg7 Ne6 61. Rg6 Ra3+ 62. Kb6 Rxf3 63. Ra5+ Kd6 64. Raxg5 Rb3+ 65. Ka5 Rb1 66. Rf5 Ra1+ 67. Kb4 Rb1+ 68. Kc3 Rc1+ 69. Kd2 Rc4 70. Kd3 Rd4+ 71. Ke3 Rd1 72. Rff6 Re1+ 73. Kf3 Re5 74. Kg3 Ke7 75. Rxe6+ Rxe6 76. Rxe6+ Kxe6 77. Kh4 Kf6 78. Kh5 Kg7 79. Kg5 Kf7 80. Kh6 Kf8 81. Kh7 Kf7 82. g5 1-0

[Event "Lansing op"]
[Site "Lansing"]
[Date "2002.08.31"]
[Round "2"]
[White "Levi, Ariel"]
[Black "Everett, Morgan"]
[Result "1-0"]
[WhiteElo "2164"]
[BlackElo "2077"]
[PlyCount "73"]
[EventDate "2002.08.30"]
[EventType "swiss"]
[EventRounds "7"]
[EventCountry "USA"]
[SourceTitle "EXT 2007"]
[Source "ChessBase"]
[SourceDate "2006.11.23"]
[SourceVersion "1"]
[SourceVersionDate "2006.11.23"]
[SourceQuality "1"]

1. c4 Nf6 2. g3 g6 3. Bg2 Bg7 4. Nc3 0-0 5. Nf3 Nc6 6. d4 d6 7. d5 Na5 8. Nd2 c5 9. 0-0 Bd7 10. Qc2 a6 11. b3 b5 12. Bb2 Rb8 13. Rab1 bxc4 14. bxc4 Rb4 15. Ba3 Rxb1 16. Rxb1 Ng4 17. h3 Ne5 18. Nd1 g5 19. Bb2 f5 20. f4 gxf4 21. gxf4 Ng6 22. Bxg7 Kxg7 23. Qc3+ Kf7 24. e3 Nh4 25. Bh1 Qc7 26. Nf3 Nxf3+ 27. Bxf3 Kg8 28. Rb2 Rf6 29. Bh5 Qd8 30. Rg2+ Kh8 31. Bf7 Nb7 32. Rg8+ Qxg8+ 33. Bxg8 Kxg8 34. Qb2 Nd8 35. Qb8 Rf8 36. Qc7 Ba4 37. Nc3 1-0

[Event "Lansing op"]
[Site "Lansing"]
[Date "2001.09.03"]
[Round "7"]
[White "Levi, Ariel"]
[Black "Finegold, Benjamin"]
[Result "0-1"]
[WhiteElo "2080"]
[BlackElo "2522"]
[PlyCount "110"]
[EventDate "2001.08.31"]
[EventType "swiss"]
[EventRounds "7"]
[EventCountry "USA"]
[SourceTitle "EXT 2007"]
[Source "ChessBase"]
[SourceDate "2006.11.23"]
[SourceVersion "1"]
[SourceVersionDate "2006.11.23"]
[SourceQuality "1"]

1. c4 c6 2. g3 d5 3. Bg2 Nf6 4. Nf3 g6 5. b3 Bg7 6. Bb2 0-0 7. 0-0 Bg4 8. d4 Bxf3 9. Bxf3 e6 10. Nd2 Nbd7 11. e4 dxe4 12. Nxe4 Nxe4 13. Bxe4 Qb6 14. Qc2 Rad8 15. Rad1 Nf6 16. Bg2 Rd7 17. Bc3 Rfd8 18. Qd2 Qc7 19. Qb2 Ne8 20. Rd3 e5 21. d5 f5 22. Re3 e4 23. Bxg7 Nxg7 24. Rc1 h5 25. Ree1 cxd5 26. cxd5 Qa5 27. Bf1 Kh7 28. Bc4 b5 29. b4 Qa4 30. Bb3 Qxb4 31. Re2 Qe7 32. Rc6 Rd6 33. Rec2 e3 34. Re2 f4 35. gxf4 exf2+ 36. Kxf2 Qh4+ 37. Kg1 Qxf4 38. Rf2 Qe3 39. Rc7 R8d7 40. Rc8 a5 41. Kg2 Qg5+ 42. Kf1 Rxd5 43. Bxd5 Qxd5 44. Rc1 Qh1+ 45. Ke2 Qe4+ 46. Kf1 Qh1+ 47. Ke2 Re7+ 48. Kd2 Qd5+ 49. Kc2 Qe4+ 50. Kb3 Qa4+ 51. Kc3 Rd7 52. Qb3 Qd4+ 53. Kc2 Qxf2+ 54. Kb1 Rd4 55. Ka1 Qd2 0-1

[Event "Romulus op"]
[Site "Romulus"]
[Date "2000.09.02"]
[Round "2"]
[White "Levi, Ariel"]
[Black "Triplett, Thomas L"]
[Result "1-0"]
[WhiteElo "2123"]
[BlackElo "1893"]
[PlyCount "75"]
[EventDate "2000.09.01"]
[EventType "swiss"]
[EventRounds "7"]
[EventCountry "USA"]
[SourceTitle "EXT 2007"]
[Source "ChessBase"]
[SourceDate "2006.11.23"]
[SourceVersion "1"]
[SourceVersionDate "2006.11.23"]
[SourceQuality "1"]

1. c4 Nf6 2. g3 g6 3. Bg2 Bg7 4. Nc3 d6 5. d3 0-0 6. Bg5 h6 7. Bd2 e5 8. e4 Nc6 9. Nge2 Be6 10. Nd5 Kh7 11. 0-0 Rb8 12. h3 Nd7 13. Be3 Nd4 14. Nxd4 exd4 15. Bd2 Ne5 16. Qc2 Qc8 17. f4 Nc6 18. f5 Bxd5 19. exd5 Ne7 20. Be4 Ng8 21. Rf4 Nf6 22. fxg6+ fxg6 23. Bg2 Qd7 24. Rxd4 Rbe8 25. Re1 Rxe1+ 26. Bxe1 Qe7 27. Bf2 a6 28. Rf4 Re8 29. Kf1 h5 30. b4 Bh6 31. Rf3 Qe5 32. Kg1 Kg7 33. Qd1 Qb2 34. Kh1 Re2 35. Bd4 Qxa2 36. Bxf6+ Kh7 37. Qf1 Bd2 38. Qxe2 1-0